Berlin - prawda czy fałsz - Statystyki

Ogólne statystyki
  • Ten quiz został rozwiązany 21 razy
  • Średni wynik to 8 z 13
Statystyki odpowiedzi
Zagadnienie Odpowiedź % Poprawnych
Berlin jest stolicą Niemiec Prawda
100%
Berlin jest największym miastem w Niemczech Prawda
90%
Berlin jest jedynym miastem-państwem w federacji niemieckiej Fałsz
80%
Podczas zimnej wojny Berlin Zachodni był otoczony ze wszystkich stron przez Niemcy Wschodnie Prawda
80%
Z Berlina do Kopenhagi można dopłynąć promem Fałsz
75%
Berlin jest finansowym centrum Niemiec Fałsz
65%
Berlińska wieża telewizyjna jest najwyższą budowlą w Niemczech Prawda
55%
Pod względem liczby pasażerów U-Bahn jest największym systemem metra w Unii Europejskiej Fałsz
50%
Adidas, Allianz i BMW mają swoje siedziby w Berlinie Fałsz
45%
Mur berliński dzielił miasto przez ponad 40 lat Fałsz
40%
II wojna światowa w Europie dobiegła końca, gdy armia amerykańska zdobyła Berlin w kwietniu 1945 r. Prawda
35%
Berlin jest dalej na północ niż Londyn Prawda
30%
Rzeka Dunaj przepływa przez Berlin Prawda
10%
Nie znaleziono quizów pasujących do podanych kryteriów
Rozkład punktacji
Procent ludzi z każdym wynikiem
Percentyl według liczby udzielonych odpowiedzi
Twoja historia wyników
Nie rozwiązałeś tego quizu